000 00668cam a2200241 a 4500
001 42542
003 BD-RjUL
005 20211209053545.0
008 160613s1966 nyua 001 0 eng
035 _a(BD-RjUL)42660
040 _aDLC
_cDLC
_dDLC
_beng
041 _aeng
082 0 0 _a330
_219
_bLIE 1966
100 _aLipsey, Richard G.
_9130820
245 1 0 _aEconomics /
_cRichard G. Lipsey ... [et al.].
260 _aNew York :
_bHarper & Row,
_c1966
300 _axxxii, 760 p. :
_bill. ;
_c25 cm.
500 _aIncludes index.
650 0 _aEconomics.
_9130821
700 1 _aSteiner, Peter O.
_9130824
942 _2ddc
_cBK
999 _c42542
_d42542